Click the Deadly Sin - Statistics

General Stats
  • This quiz has been taken 26,853 times
  • The average score is 12 of 21
Answer Stats
Hint Answer % Correct
Also the name of an animal Sloth
86%
Sometimes known as jealousy Envy
83%
A group of lions is called a ... Pride
82%
Sin which a "gastronome" indulges in Gluttony
78%
Sin that a procrastinator indulges in Sloth
78%
Ebeneezer Scrooge's sin Greed
72%
Its name comes from the Latin for "to swallow" Gluttony
71%
Take an antacid to help with this sin's aftereffects Gluttony
69%
Steinbeck book: "The Grapes of _____" Wrath
66%
John Wick's sin Wrath
63%
Also known as hubris Pride
59%
Don Juan's sin Lust
50%
Also known as avarice Greed
48%
Gordon Gekko said this sin was good Greed
44%
Hester Prynne's sin Lust
40%
Proverb: A soft answer turneth away _____ Wrath
40%
Lucifer's sin Pride
39%
Someone who "covets" has this sin Envy
38%
Salieri's sin in the movie "Amadeus" Envy
38%
Represented by the Greek god Priapus Lust
35%
Also known as indolence Sloth
33%
No matching quizzes found
Score Distribution
Percent of People with Each Score
Percentile by Number Answered
Your Score History
You have not taken this quiz